<?xml version="1.0" encoding="UTF-8"?>
<record
    xmlns:xsi="http://www.w3.org/2001/XMLSchema-instance"
    xsi:schemaLocation="http://www.loc.gov/MARC21/slim http://www.loc.gov/standards/marcxml/schema/MARC21slim.xsd"
    xmlns="http://www.loc.gov/MARC21/slim">

  <leader>03869nam a2200445 i 4500</leader>
  <controlfield tag="001">73048</controlfield>
  <controlfield tag="003">FINmELB</controlfield>
  <controlfield tag="005">20241217143433.0</controlfield>
  <controlfield tag="006">m     o  u        </controlfield>
  <controlfield tag="007">cr cn|||||||||</controlfield>
  <controlfield tag="008">220303s2020    ck b    ob    000 0 spa d</controlfield>
  <datafield tag="020" ind1=" " ind2=" ">
    <subfield code="a">978-958-789-141-6</subfield>
    <subfield code="q">(e-book)</subfield>
  </datafield>
  <datafield tag="035" ind1=" " ind2=" ">
    <subfield code="a">(OCoLC)1304900805</subfield>
  </datafield>
  <datafield tag="040" ind1=" " ind2=" ">
    <subfield code="a">FINmELB</subfield>
    <subfield code="b">spa</subfield>
    <subfield code="e">rda</subfield>
    <subfield code="c">FINmELB</subfield>
  </datafield>
  <datafield tag="050" ind1=" " ind2="4">
    <subfield code="a">JZ1242</subfield>
    <subfield code="b">.L663 2020</subfield>
  </datafield>
  <datafield tag="082" ind1="0" ind2="4">
    <subfield code="a">327</subfield>
    <subfield code="2">23</subfield>
  </datafield>
  <datafield tag="100" ind1="1" ind2=" ">
    <subfield code="a">Lombana-Coy, Jahir,</subfield>
    <subfield code="e">autor.</subfield>
  </datafield>
  <datafield tag="245" ind1="1" ind2="0">
    <subfield code="a">Competitividad y contexto internacional de los negocios :</subfield>
    <subfield code="b">teor&#xED;a y aplicaci&#xF3;n /</subfield>
    <subfield code="c">Jahir Lombana-Coy, Lorena A. Palacios-Chac&#xF3;n.</subfield>
  </datafield>
  <datafield tag="264" ind1=" " ind2="1">
    <subfield code="a">Barranquilla, Colombia :</subfield>
    <subfield code="b">Editorial Universidad del Norte,</subfield>
    <subfield code="c">2020.</subfield>
  </datafield>
  <datafield tag="300" ind1=" " ind2=" ">
    <subfield code="a">1 recurso en l&#xED;nea (248 p&#xE1;ginas) :</subfield>
    <subfield code="b">ilustraciones a color, mapas a color</subfield>
  </datafield>
  <datafield tag="336" ind1=" " ind2=" ">
    <subfield code="a">texto</subfield>
    <subfield code="b">txt</subfield>
    <subfield code="2">rdacontent/spa</subfield>
  </datafield>
  <datafield tag="337" ind1=" " ind2=" ">
    <subfield code="a">computadora</subfield>
    <subfield code="b">c</subfield>
    <subfield code="2">rdamedia/spa</subfield>
  </datafield>
  <datafield tag="338" ind1=" " ind2=" ">
    <subfield code="a">recurso en l&#xED;nea</subfield>
    <subfield code="b">cr</subfield>
    <subfield code="2">rdacarrier/spa</subfield>
  </datafield>
  <datafield tag="504" ind1=" " ind2=" ">
    <subfield code="a">Incluye referencias bibliogr&#xE1;ficas.</subfield>
  </datafield>
  <datafield tag="505" ind1="0" ind2=" ">
    <subfield code="a">P&#xE1;gina Legal -- Contenido -- Pr&#xF3;logo -- Cap&#xED;tulo 1. Globalizaci&#xF3;n -- Cuadro Pedag&#xF3;gico -- Tipolog&#xED;as De La Globalizaci&#xF3;n -- Hitos De Los Siglos XX Y XXI En La Globalizaci&#xF3;n -- Formas De La Globalizaci&#xF3;n Econ&#xF3;mica -- Globalizaci&#xF3;n Entre Consensos, Disensos Y Desaf&#xED;os -- Instituciones De La Globalizaci&#xF3;n Econ&#xF3;mica -- Mapas Conceptuales -- Referencias -- Anexo 1. Definiciones De Globalizaci&#xF3;n -- Actividad De Cierre -- Cap&#xED;tulo 2. Bases Te&#xF3;ricas de la Internacionalizaci&#xF3;n de los Pa&#xED;ses y de Las Empresas -- Cuadro Pedag&#xF3;gico -- Enfoque Pa&#xED;s -- Enfoque Empresas -- Actividades De Cierre -- Mapas Conceptuales -- Referencias -- Cap&#xED;tulo 3. Niveles y conceptos de la Competitividad -- Cuadro Pedag&#xF3;gico -- Conceptos Relevantes Para Entender La Competitividad -- Marco Te&#xF3;rico Y Conceptual De La Competitividad -- Nivel Macro -- Nivel Micro -- Actividad De Cierre -- Mapa Conceptual -- Referencias -- Cap&#xED;tulo 4. Modelos y herramientas para el an&#xE1;lisis de la competitividad y la Estrategia -- Cuadro Pedag&#xF3;gico -- Modelos De La Competitividad Del Mainstream -- Herramientas De An&#xE1;lisis Estrat&#xE9;gico -- Actividad De Cierre -- Mapa Conceptual -- Referencias -- Cap&#xED;tulo 5. Formas de internacionalizaci&#xF3;n de empresas -- Cuadro Pedag&#xF3;gico -- &#xBF;por Qu&#xE9; Internacionalizarse? -- Exportaciones -- Acuerdos De Cooperaci&#xF3;n Contractuales -- Acuerdos De Cooperaci&#xF3;n Accionariales -- Toma De Decisiones Para La Entrada A Mercados -- Actividad De Cierre -- Mapa Conceptual -- Referencias.</subfield>
  </datafield>
  <datafield tag="520" ind1=" " ind2=" ">
    <subfield code="a">En la novela La luz de las cosas el lector acompa&#xF1;a a Mateo, un joven estudiante de periodismo, en una traves&#xED;a por los territorios de los sue&#xF1;os y las pesadillas. El viaje inicia cuando, en medio de un sue&#xF1;o, Mateo acepta la misi&#xF3;n que le asigna un viejo campesino de salvar a Gabriel, un adolescente que qued&#xF3; atrapado en ese mundo on&#xED;rico. El protagonista inicia as&#xED; una aventura que lo conduce a un hallazgo inesperado: una dimensi&#xF3;n fantasmag&#xF3;rica de luz y tinieblas a la que puede acceder el so&#xF1;ador, llamada la Antesala, un recinto en el que se desdibujan las fronteras entre el sue&#xF1;o y la vigilia, la vida y la muerte.</subfield>
  </datafield>
  <datafield tag="588" ind1=" " ind2=" ">
    <subfield code="a">Descripci&#xF3;n basada en metadatos suministrados por el editor y otras fuentes.</subfield>
  </datafield>
  <datafield tag="590" ind1=" " ind2=" ">
    <subfield code="a">Recurso electr&#xF3;nico. Santa Fe, Arg.: elibro, 2022. Disponible v&#xED;a World Wide Web. El acceso puede estar limitado para las bibliotecas afiliadas a elibro.</subfield>
  </datafield>
  <datafield tag="650" ind1=" " ind2="0">
    <subfield code="a">Competition.</subfield>
  </datafield>
  <datafield tag="650" ind1=" " ind2="4">
    <subfield code="a">Globalizaci&#xF3;n.</subfield>
  </datafield>
  <datafield tag="650" ind1=" " ind2="4">
    <subfield code="a">Empresas internacionales.</subfield>
  </datafield>
  <datafield tag="650" ind1=" " ind2="4">
    <subfield code="a">Competitividad.</subfield>
  </datafield>
  <datafield tag="650" ind1=" " ind2="4">
    <subfield code="a">Econom&#xED;a Internacional.</subfield>
  </datafield>
  <datafield tag="650" ind1=" " ind2="4">
    <subfield code="a">Mercado de exportaci&#xF3;n.</subfield>
  </datafield>
  <datafield tag="650" ind1=" " ind2="0">
    <subfield code="a">International business enterprises.</subfield>
  </datafield>
  <datafield tag="655" ind1=" " ind2="4">
    <subfield code="a">Libros electr&#xF3;nicos.</subfield>
  </datafield>
  <datafield tag="700" ind1="1" ind2=" ">
    <subfield code="a">Palacios Chac&#xF3;n, Lorena.</subfield>
  </datafield>
  <datafield tag="797" ind1="2" ind2=" ">
    <subfield code="a">elibro, Corp.</subfield>
  </datafield>
  <datafield tag="856" ind1="4" ind2="0">
    <subfield code="u">https://elibro.net/ereader/politecnicointernacional/142209</subfield>
  </datafield>
  <datafield tag="999" ind1=" " ind2=" ">
    <subfield code="c">73048</subfield>
    <subfield code="d">73048</subfield>
  </datafield>
</record>
